=LDR 00000nam 2200000 4500 =001 INLIS000000000037734 =005 20200304093044 =035 ##$$a 0010-061300000037734 =008 200304################g##########0#ind## =041 ##$$a Ind =082 ##$$a 158.1 =090 ##$$a 158.1, Hil d =100 1#$$a Hill, Napoleon =245 1#$$a Dua belas aturan emas Napoleon Hill : $b Karya awal sang legenda kesukaan /$c Napoleon Hill ; penerjemah Bima Sudiarto =260 ##$$a Jakarta :$b Gramedia,$c 2009 =300 ##$$a xii, 221 hlm. ; $c 15x23 cm. =650 #4$$a Kesuksesan =700 1#$$a Sudiarto, Bima =850 ##$$a NBPNMAT =020 ##$$a 978-979-22-4858-6 =084 ##$$a 158.1 HIL d =990 ##$$a 21110139 =990 ##$$a 21110138 =990 ##$$a 21110136